|
|
|
|
| LEADER |
01065cam a2200265 7i4500 |
| 001 |
0000024362 |
| 005 |
20100908090000.0 |
| 008 |
080731s2001 my may |
| 020 |
# |
0 |
|a 9676112410 (pbk.)
|
| 020 |
# |
0 |
|a 9789676112415 (pbk.)
|
| 090 |
0 |
0 |
|a JQ 1062
|b .A4 2001
|
| 100 |
0 |
# |
|a Ahmad Atory Hussain
|
| 245 |
1 |
0 |
|a Pengantar pentadbiran awam :
|b paradigma baru
|c Ahmad Atory Hussain.
|
| 260 |
# |
# |
|a Kuala Lumpur:
|b Utusan Publications & Distributors Sdn. Bhd.,
|c 2001.
|
| 300 |
# |
# |
|a vi, 338 p.:
|b ill.;
|c 22 cm..
|
| 490 |
0 |
0 |
|a Siri pengajian dan pendidikan Utusan
|
| 504 |
0 |
0 |
|a Includes bibliographical references
|
| 650 |
0 |
0 |
|a Malaysia --
|x Politics and government
|
| 650 |
0 |
0 |
|a Civil service --
|z Malaysia
|
| 650 |
0 |
0 |
|a Administrative agencies --
|z Malaysia
|
| 999 |
|
|
|a 1100078582
|b Book
|c Open Shelf
|e KOLEKSI TERBUKA
|
| 999 |
|
|
|a 1100077751
|b Book
|c Open Shelf
|e KOLEKSI TERBUKA
|
| 999 |
|
|
|a 1100009242
|b Book
|c Open Shelf
|e KOLEKSI TERBUKA
|
| 999 |
|
|
|a 1100011018
|b Book
|c Open Shelf
|e KOLEKSI TERBUKA
|
| 999 |
|
|
|a 1100011017
|b Book
|c Open Shelf
|e KOLEKSI TERBUKA
|